Meatball sunday (Record no. 114340)

MARC details
000 -LEADER
fixed length control field 00859cam a22002175a 4500
001 - CONTROL NUMBER
control field L156647
008 - FIXED-LENGTH DATA ELEMENTS--GENERAL INFORMATION
fixed length control field 180612s2012 xxk f 000 0 eng d
020 ## - INTERNATIONAL STANDARD BOOK NUMBER
International Standard Book Number 9780749928315
035 ## - SYSTEM CONTROL NUMBER
System control number (Sirsi) u156647
041 0# - LANGUAGE CODE
Language code of text/sound track or separate title eng
050 04 - LIBRARY OF CONGRESS CALL NUMBER
Classification number 658.8 $2 18
100 1# - MAIN ENTRY--PERSONAL NAME
Personal name Godin, Seth
245 00 - TITLE STATEMENT
Title Meatball sunday
Remainder of title how new marketing is transforming the business world
-- and how to thrive in it
260 ## - PUBLICATION, DISTRIBUTION, ETC.
Place of publication, distribution, etc. London
Name of publisher, distributor, etc. Piaktus
Date of publication, distribution, etc. 2007
300 ## - PHYSICAL DESCRIPTION
Extent xxiii, 232 p.
Other physical details ill.
Dimensions 19 cm
520 ## - SUMMARY, ETC.
Summary, etc. Looking at trends in the business world to explain the best way to apply techniques from social media in order to market oneself and business. A simple guide to the different shifts taking place in the marketing and business world that can be applied to business.
650 24 - SUBJECT ADDED ENTRY--TOPICAL TERM
Topical term or geographic name entry element Business and management
651 #4 - SUBJECT ADDED ENTRY--GEOGRAPHIC NAME
Geographic name ENGLAND AND WALES
690 ## - LOCAL SUBJECT ADDED ENTRY--TOPICAL TERM (OCLC, RLIN)
Topical term or geographic name as entry element Marketing
942 ## - ADDED ENTRY ELEMENTS (KOHA)
Suppress in OPAC 0
Holdings
Withdrawn status Lost status Source of classification or shelving scheme Damaged status Not for loan Home library Current library Shelving location Date acquired Total Checkouts Full call number Barcode Date last seen Copy number Price effective from Koha item type
    Dewey Decimal Classification     London London Staff library 18/06/2012   STAFF GODIN 30077481 06/08/2019 1 06/08/2019 Book